| 000 | 00797nam a22002417a 4500 | ||
|---|---|---|---|
| 999 |
_c13689 _d13689 |
||
| 003 | MIRAKIL | ||
| 005 | 20200107121914.0 | ||
| 008 | 200107b tu ||||| |||| 00| 0 tur d | ||
| 020 | _a9750108891 | ||
| 040 |
_aTR-AnCHP _btur _cTR-AnCHP |
||
| 041 | _atur | ||
| 082 |
_a923.1561 _bO68a 2007 |
||
| 100 | _aOruç, Yener | ||
| 245 |
_aAtatürk'ün fikir fedaisi Dr. Reşit Galip/ _cYener Oruç. |
||
| 260 |
_aİstanbul: _bGürer yayınları, _c2007. |
||
| 300 |
_a320 s.: _bfotg., _c24 sm. |
||
| 490 | 0 |
_aGürer yayınları; _aAraştırma-inceleme _v7. _v2. |
|
| 504 | _akaynakça ve dizin vardır. | ||
| 600 |
_aReşit Galip _cMilli Eğitim Bakanı _d1893-1934 _xyaşamöyküsü |
||
| 650 |
_aDevlet adamları, Türk _xyaşamöyküsü |
||
| 650 | 0 |
_aEğitim _9392 _xTarih _zTürkiye |
|
| 942 |
_2ddc _cBKS |
||